00487 a2200169 4500001000700000020000600007040001100013100003100024240005400055245004900109362000900158440001100167697001100178942000700189952010200196999001900298164428 a  cMagnum aFusari, Jose Cerchi (Org.)10aO professor de 1º grau: trabalho e formacaolpor10aO professor de 1º grau: trabalho e formacao0 a1899 1aLoyola aENSINO cBK 00104070a32.5b32.5d2024-06-08l0oLI.05605pMAG00008540r2024-06-08 20:37:12w2024-06-08yBK c164428d164428